Consultation on the introduction of a tenant information pack in the private rented sector (Record no. 113309)

MARC details
000 -LEADER
fixed length control field 01046cad a22002175a 4500
001 - CONTROL NUMBER
control field E155073
008 - FIXED-LENGTH DATA ELEMENTS--GENERAL INFORMATION
fixed length control field 120227s2012 xxk f 000 0 eng d
020 ## - INTERNATIONAL STANDARD BOOK NUMBER
International Standard Book Number 9781780456621
035 ## - SYSTEM CONTROL NUMBER
System control number (Sirsi) u155073
041 0# - LANGUAGE CODE
Language code of text/sound track or separate title eng
110 2# - MAIN ENTRY--CORPORATE NAME
Corporate name or jurisdiction name as entry element Scotland
Subordinate unit Scottish Government
9 (RLIN) 5344
245 00 - TITLE STATEMENT
Title Consultation on the introduction of a tenant information pack in the private rented sector
Medium [electronic resource]
260 ## - PUBLICATION, DISTRIBUTION, ETC.
Place of publication, distribution, etc. Edinburgh
Name of publisher, distributor, etc. Scottish Government
Date of publication, distribution, etc. 2012
520 ## - SUMMARY, ETC.
Summary, etc. The Private Rented Housing (Scotland) Act 2011 S33 requires landlords to provide tenants with a tenant information pack when an assured tenancy begins. This consultation seeks views on what the pack should contain and how the scheme will work. Deadline for comments is 21 May 2012.
590 ## - LOCAL NOTE (RLIN)
Local note KA
650 24 - SUBJECT ADDED ENTRY--TOPICAL TERM
Topical term or geographic name entry element PRIVATE RENTED HOUSING (SCOTLAND) ACT 2011
651 #4 - SUBJECT ADDED ENTRY--GEOGRAPHIC NAME
Geographic name Scotland
Chronological subdivision 1999-
690 ## - LOCAL SUBJECT ADDED ENTRY--TOPICAL TERM (OCLC, RLIN)
Topical term or geographic name as entry element Landlord and tenant
9 (RLIN) 6252
856 40 - ELECTRONIC LOCATION AND ACCESS
Uniform Resource Identifier <a href="https://www.scotland.gov.uk/Publications/2012/02/4519">https://www.scotland.gov.uk/Publications/2012/02/4519</a>
Public note View the consultation free of charge at www.scotland.gov.uk
942 ## - ADDED ENTRY ELEMENTS (KOHA)
Suppress in OPAC 0
Holdings
Withdrawn status Lost status Source of classification or shelving scheme Damaged status Not for loan Home library Current library Shelving location Date acquired Total Checkouts Full call number Barcode Date last seen Copy number Price effective from Koha item type
    Dewey Decimal Classification     Virtual Virtual Online 27/02/2012   ONLINE PUBLICATION 155073-2001 06/08/2019 1 06/08/2019 Book